Statistics for Countries with most Tourists to Thailand

Click here to take the quiz!

General Stats

  • This quiz has been taken 386 times
  • The average score is 17 of 19

Answer Stats

VisitorsCountry% Correct
8,757,466China
97%
974,632United States
97%
1,193,822India
94%
1,439,629Japan
94%
1,003,386United Kingdom
93%
738,763France
91%
3,533,826Malaysia
91%
830,394Vietnam
91%
791,631Australia
90%
1,409,456Laos
90%
686,682Cambodia
89%
1,089,992Russia
89%
1,464,218South Korea
89%
835,506Germany
88%
535,625Indonesia
88%
966,909Singapore
86%
341,641Myanmar
85%
522,231Taiwan
71%
332,866Sweden
53%

Score Distribution

Percentile by Number Answered

Percent of People with Each Score

Your Score History

You have not taken this quiz